02028nam a22002057a 4500003000400000005001700004008004100021020001800062041000800080082001700088100001500105245002500120260005700145300001000202500137200212610003101584942001201615999001901627952017601646OSt20260127160713.0260127b |||||||| |||| 00| 0 eng d a9789356963849 aEng 22nda610/CLE 4CLEMENT I aNursing Foundation-I aNew DelhibJaypee Brothers Medical Publlishersc2024 a572 P aCovers the entire new syllabus to meet the requirements for basic nursing, provides the strong base for nursing foundation. Content is presented in simple and clear English where the students gain better understanding about the subject and help to excel in acquire knowledge about foundation of nursing. Helps the students to gain the theoretical knowledge about the nursing foundation and also serves as a guide to practice the psychomotor skills in nursing and develop positive attitude towards the nursing profession. Curriculum based on latest information, research findings and evidenced-based practice. Each of the 14 chapters includes review questions with multiple choice questions (MCQs). Student-teacher friendly presentation also scenario-based case presentation for practical application learning. Simple, concise and well-organized content presentation. Comprehensive approach to integrate theory into practice and ready reference tool for examination point of view. Adequate diagrams, tables, images, flowcharts, mnemonics and research highlights are well presented for best learning experiences. Provides all basic information based on established knowledge and practices, supported by sound scientific principles. Basic nursing serves as the base and pillar for many skilled nurse, also helps to acquire the background knowledge for a neophyte nurse.  aNursing Foundation9216451 2ddccDB c370153d370153 00102ddc4070aSNCNbSNCNd2026-01-23eDonated BY Switi Kolheg850.00iIK#2025-26#00913l1o610 CLEpSNCN-DB-354r2026-02-27 11:39:05s2026-02-20v850.00w2026-01-27yDB